Statistics for 4-Letter Name Chain

Click here to take the quiz!

General Stats

  • This quiz has been taken 11,631 times
  • The average score is 15 of 23

Answer Stats

HintAnswer% Correct
Ark builderNoah
98%
Thyme, parsley, or basil for exampleHerb
92%
Garden of Eden inhabitantAdam
91%
Ernie's palBert
86%
Actor ReynoldsRyan
82%
University administrator who keeps a listDean
80%
A word that means ChristmasNoel
79%
Stone age cartoon characterFred
72%
Snowman from "Frozen"Olaf
71%
Mr. Marx mispelledCarl
70%
Sir GuinnessAlec
68%
Singer who wishes she could turn back timeCher
67%
Irish name popular in the U.S.Liam
66%
Ancient Central American civilizationMaya
66%
Epps or Sharif, e.g.Omar
62%
Novel by Jane AustenEmma
61%
Former husband of J-LoMarc
61%
Common nickname for HenryHank
60%
One of the South Park kidsKyle
49%
Third Huxtable childTheo
49%
Biblical wife of JacobLeah
40%
A name that means mercyRuth
29%
"Victorious" author?Hugo
14%

Score Distribution

Percentile by Number Answered

Percent of People with Each Score

Your Score History

You have not taken this quiz